00230nam a2200085Ia 4500008004100000100002200041245005700063260001500120300000900135190216s9999||||xx |||||||||||||| ||und|| aStephen Son James 0aPrinciples And Practice Of Commercial Correspondence bNullc1966 a303p